1136 1415 1561 1990 1985 1552 1643 1047 1525 1867 1389 1843 1304 1404 1238 1850 1395 1016 1433 1606 1499 1103 1970 1928 1516 1632 1611 1740 1818 1874 1160 1431 1988 1511 1453 1838 1275 1092 1092 1739 1814 1514 1846 1340 1399 1720 1936 1115 1598 1343 1744 1002 1122 1263 1115 1824 1373 1353 1593 1883 1907 1551 1754 1766 1293 1403 1289 1055 1500 1627 1321 1544 1789 1914 1590 1373 1399 1339 1591 1504 1213 1921 1312 1915 1294 1427 1993 1309 1869 1163 1019 1956 1461 1571 1399 1937 1982 1115 1833 BCNSPRNW ULIB Ver.6.0+V

เปลี่ยนเป็นภาษาไทย

Change to English
 แสดงรายละเอียดบรรณานุกรม
  กลับหน้าหลัก

Brief Record : Get Marc (ISO 2709) : E-mail record : QR code < ปิดหน้าต่าง
LEADER : 00000nam 2200000uu 4500
001    13399129071
003     ULIB
008    250605s2567||||th 000 0 tha d
020    ^a9786166128796
060  4 ^aWA590^bอ662ส
100 0  ^aอารียา จิรธนานุวัฒน์^eผู้แต่ง
245 1  ^aสุขภาพคนเมืองและการส่งเสริมสุขภาพ /^cอารียา จิรธนานุวัฒน์
246 3  ^aUrban health and health promotion.
250    ^aพิมพ์ครั้งที่ 1.
260    ^aกรุงเทพฯ :^bภาควิชาเทคโนโลยีสุขภาพ คณะวิทยาศาสตร์และเทคโนโลยีสุขภาพ มหาวิทยาลัยนวมินทราธิราช, ^c2567.
300    ^a182 หน้า :^bภาพประกอบ ;^c25 ซม
505 2  ^aสุขภาพกับเป้าหมายการพัฒนาอย่างยั่งยืน -- การส่งเสริมสุขภาพ -- ทฤษฎีทางพฤติกรรมสุขภาพ -- สุขภาพคนเมือง -- กลวิธีส่งเสริมสุขภาพ
505 2  ^a^tสุขภาพกับเป้าหมายการพัฒนาอย่างยั่งยืน -- การส่งเสริมสุขภาพ -- ทฤษฎีทางพฤติกรรมสุขภาพ -- สุขภาพคนเมือง -- กลวิธีส่งเสริมสุขภาพ.
650  7 ^aการส่งเสริมสุขภาพ
650  7 ^aพฤติกรรมสุขภาพ
650  7 ^aสุขภาพเมือง
945    ^p350^l0^i30551
945    ^p350^l0^i30552
999    ^aกัณชพร จุลอักษร
รายการนี้ยังไม่มีแท็ก
คุณยังไม่ได้ล็อกอิน คุณสามารถมีกิจกรรมร่วมกับเว็บไซต์ได้ แต่ต้องล็อกอินก่อน ::
  ล็อกอิน

รายการสื่อสารสนเทศ

ลำดับที่ ประเภท เลขเรียก/บาร์โค้ด สถานที่ สถานะ
1. หนังสือสำรอง
หนังสือสำรอง
WA590 อ662ส ฉ.1 
  Barcode: 30551
ห้องสมุดวิทยาเขตนครสวรรค์
►หนังสือทั่วไป:l:General Books
บนชั้น
2. วิทยาศาสตร์การแพทย์ และสุขภาพ
วิทยาศาสตร์การแพทย์ และสุขภาพ
WA590 อ662ส ฉ.2 
  Barcode: 30552
ห้องสมุดวิทยาเขตนครสวรรค์
►หนังสือทั่วไป:l:General Books
บนชั้น

รายการใกล้เคียง
    หัวเรื่อง [การส่งเสริมสุขภาพ]
    หัวเรื่อง [พฤติกรรมสุขภาพ]
    หัวเรื่อง [สุขภาพเมือง]

BibComment


ยังไม่เคยถูกคอมเมนท์

คอมเมนท์ทรัพยากรรายการนี้
  คอมเมนท์: สุขภาพคนเมืองและ..


 Copyright 2026. Bcnsprnw @Library